Catálogo público

Geología a lo largo de la carretera entre México, D. F. y Taxco, Gro. Distrito minero de Taxco. Visita a un yacimiento de Fluorita en rocas del Terciario Inferior (Record no. 11382)

MARC details
000 -CABECERA
campo de control de longitud fija 01176nam a22003257a 4500
003 - IDENTIFICADOR DEL NÚMERO DE CONTROL
campo de control CHAP
005 - FECHA Y HORA DE LA ÚLTIMA TRANSACCIÓN
campo de control 20220329133824.0
008 - DATOS DE LONGITUD FIJA--INFORMACIÓN GENERAL
campo de control de longitud fija 971013s1956 r 10010 d
010 ## - NÚMERO DE CONTROL DE LA BIBLIOTECA DEL CONGRESO
Número de control de LC 11382
011 ## - ENLACE DEL NUMERO DE CONTROL DE LA BIBLIOTECA DEL CONGRESO [OBSOLETO]
Número de control de LC 12354
035 ## - NÚMERO DE CONTROL DEL SISTEMA
Número de control de sistema 15456
040 ## - FUENTE DE LA CATALOGACIÓN
Centro/agencia transcriptor CHAP
082 04 - NÚMERO DE LA CLASIFICACIÓN DECIMAL DEWEY
Número de clasificación 550
Número de documento/Ítem C65
111 00 - ENTRADA PRINCIPAL--NOMBRE DE CONGRESO/REUNIÓN
Nombre de congreso/reunión o jurisdicción como elemento de entrada Congreso Geológico Internacional (
Número del congreso/reunión o número de parte o sección 20
Fecha del congreso/reunión : 1956
Sede del congreso/Lugar de la reunión : México)
9 (RLIN) 26709
245 1# - MENCIÓN DE TÍTULO
Título Geología a lo largo de la carretera entre México, D. F. y Taxco, Gro. Distrito minero de Taxco. Visita a un yacimiento de Fluorita en rocas del Terciario Inferior
260 ## - PUBLICACIÓN, DISTRIBUCIÓN, ETC.
Lugar de publicación, distribución, etc. México :
Nombre del editor, distribuidor, etc. Sociedad Geológica Mexicana,
Fecha de publicación, distribución, etc. 1956
300 ## - DESCRIPCIÓN FÍSICA
Extensión 93 p.
Otras características físicas : mapas
490 ## - MENCIÓN DE SERIE
Mención de serie Excursiones A-4 y C-7
590 ## - NOTA LOCAL (RLIN)
Nota local BATCH-UPD
Procedencia (VM) [OBSOLETO] 10
Condición del los carretes individuales (VM) [OBSOLETO] 20130110
-- UCH01
-- 0251
590 ## - NOTA LOCAL (RLIN)
Nota local BATCH-UPD
Procedencia (VM) [OBSOLETO] 10
Condición del los carretes individuales (VM) [OBSOLETO] 20130110
-- UCH01
-- 0933
590 ## - NOTA LOCAL (RLIN)
Nota local BATCH-UPD
Procedencia (VM) [OBSOLETO] 10
Condición del los carretes individuales (VM) [OBSOLETO] 20130409
-- UCH01
-- 2322
590 ## - NOTA LOCAL (RLIN)
Nota local BATCH-UPD
Procedencia (VM) [OBSOLETO] 10
Condición del los carretes individuales (VM) [OBSOLETO] 20130914
-- UCH01
-- 1031
590 ## - NOTA LOCAL (RLIN)
Nota local CONVERSION
Procedencia (VM) [OBSOLETO] 10
Condición del los carretes individuales (VM) [OBSOLETO] 20130109
-- UCH01
-- 1308
650 14 - PUNTO DE ACCESO ADICIONAL DE MATERIA--TÉRMINO DE MATERIA
Término de materia o nombre geográfico como elemento de entrada Geología
Subdivisión general Congresos.
9 (RLIN) 47617
650 14 - PUNTO DE ACCESO ADICIONAL DE MATERIA--TÉRMINO DE MATERIA
Término de materia o nombre geográfico como elemento de entrada Geología
Subdivisión general México.
9 (RLIN) 47632
830 0# - PUNTO DE ACCESO ADICIONAL DE SERIE-TÍTULO UNIFORME
Título uniforme Excursiones A-4 y C-7
9 (RLIN) 39031
901 ## - ELEMENTOS DE DATOS A LOCAL LDA (RLIN)
a BK
942 ## - ELEMENTOS DE PUNTO DE ACCESO ADICIONAL (KOHA)
Tipo de ítem Koha Libro
949 ## - PROCESAMIENTO DE INFORMACIÓN LOCAL (OCLC)
a 550 C65
b BC
c BPA
d 33724000446639
e BPA
h 59802
i 15456
m D
s i
Holdings
Estado de retiro Estado de pérdida Estado dañado Restricciones de uso No para préstamo Código de colección Localización permanente Ubicación/localización actual Fecha de adquisición Información codificada de la localización en otra ubicación Número de inventario Total de préstamos Signatura topográfica completa Código de barras Fecha visto por última vez Precio válido a partir de Tipo de ítem Koha
Material descartado     Préstamo 3 días   Material descartado Biblioteca Central Biblioteca Central 31/12/2019 LIBRO 127   550 C65 33724000446639 31/12/2019 31/12/2019 Libro